Clonal variations in leaf photosynthesis in Hevea brasiliensis (Record no. 55749)

MARC details
000 -LEADER
fixed length control field 00440nam a2200133Ia 4500
100 ## - MAIN ENTRY--AUTHOR NAME
Personal name Nataraja K N
245 #0 - TITLE STATEMENT
Title Clonal variations in leaf photosynthesis in Hevea brasiliensis
260 ## - PUBLICATION, DISTRIBUTION, ETC. (IMPRINT)
Name of publisher In: National Symposium on Current Trends in Plant Physiology and Plant Biochemistry, January 29-31, 1998, pp. 166
700 ## - ADDED ENTRY--PERSONAL NAME
Personal name Jacob J
700 ## - ADDED ENTRY--PERSONAL NAME
Personal name Meenattoor R
856 ## - ELECTRONIC LOCATION AND ACCESS
Uniform Resource Identifier Reprt
942 ## - ADDED ENTRY ELEMENTS (KOHA)
Koha item type Journals
Holdings
Withdrawn status Lost status Damaged status Not for loan Home library Current library Shelving location Date acquired Koha item type
      Journals RRII Library RRII Library Physiology 17/12/2021 Journals